000 00350nam a2200109Ia 4500
008 171204s9999 xx 000 0 und d
245 _aTrendology: Building an Advantage Through Data-Driven Real-Time Marketing:
245 _cC. Kerns
260 _c2014
650 _xPRINCIPLES OF MARKETING
856 _uhttp://down.ebook777.com/038/9781137479556.pdf
999 _c345764
_d345764